Displaying time series, spatial, and space-time data with R (Record no. 5668)
[ view plain ]
| 000 -LEADER | |
|---|---|
| fixed length control field | 00630nam a22002177a 4500 |
| 003 - CONTROL NUMBER IDENTIFIER | |
| control field | OSt |
| 005 - DATE AND TIME OF LATEST TRANSACTION | |
| control field | 20220107122827.0 |
| 008 - FIXED-LENGTH DATA ELEMENTS--GENERAL INFORMATION | |
| fixed length control field | 170630b xxu||||| |||| 00| 0 eng d |
| 020 ## - INTERNATIONAL STANDARD BOOK NUMBER | |
| International Standard Book Number | 9781466565203 |
| 040 ## - CATALOGING SOURCE | |
| Transcribing agency | IIITMK |
| 082 ## - DEWEY DECIMAL CLASSIFICATION NUMBER | |
| Classification number | 005.133R LAM/D |
| 100 ## - MAIN ENTRY--PERSONAL NAME | |
| Personal name | Lamigueiro, Oscar Perpinan |
| 9 (RLIN) | 12043 |
| 245 ## - TITLE STATEMENT | |
| Title | Displaying time series, spatial, and space-time data with R |
| 260 ## - PUBLICATION, DISTRIBUTION, ETC. | |
| Place of publication, distribution, etc. | Boca Raton, |
| Name of publisher, distributor, etc. | CRC Press, |
| Date of publication, distribution, etc. | 2014. |
| 300 ## - PHYSICAL DESCRIPTION | |
| Extent | vii, 200p. |
| 440 ## - SERIES STATEMENT/ADDED ENTRY--TITLE | |
| Title | Chapman & Hall/CRC The R series |
| 9 (RLIN) | 12044 |
| 650 ## - SUBJECT ADDED ENTRY--TOPICAL TERM | |
| Topical term or geographic name entry element | COMPUTER SCIENCE |
| 9 (RLIN) | 12137 |
| 650 ## - SUBJECT ADDED ENTRY--TOPICAL TERM | |
| Topical term or geographic name entry element | DATA ANALYSIS |
| 9 (RLIN) | 12138 |
| 650 ## - SUBJECT ADDED ENTRY--TOPICAL TERM | |
| Topical term or geographic name entry element | DATA PROCESSING |
| 9 (RLIN) | 12139 |
| 942 ## - ADDED ENTRY ELEMENTS (KOHA) | |
| Source of classification or shelving scheme | Dewey Decimal Classification |
| Koha item type | Books |
| Withdrawn status | Lost status | Source of classification or shelving scheme | Damaged status | Not for loan | Collection code | Home library | Current library | Shelving location | Date acquired | Cost, normal purchase price | Total Checkouts | Full call number | Barcode | Date last seen | Date last checked out | Price effective from | Koha item type |
|---|---|---|---|---|---|---|---|---|---|---|---|---|---|---|---|---|---|
| Dewey Decimal Classification | Non Fiction | Kerala University of Digital Sciences, Innovation and Technology Knowledge Centre | Kerala University of Digital Sciences, Innovation and Technology Knowledge Centre | Computer Science | 30/06/2017 | 3379.00 | 3 | 005.133R LAM/D;3 | 4839 | 03/12/2020 | 27/11/2017 | 30/06/2017 | Books | ||||
| Dewey Decimal Classification | Non Fiction | Kerala University of Digital Sciences, Innovation and Technology Knowledge Centre | Kerala University of Digital Sciences, Innovation and Technology Knowledge Centre | Computer Science | 30/06/2017 | 3379.00 | 2 | 005.133R LAM/D;2 | 4837 | 03/12/2020 | 12/04/2018 | 30/06/2017 | Books | ||||
| Dewey Decimal Classification | Non Fiction | Kerala University of Digital Sciences, Innovation and Technology Knowledge Centre | Kerala University of Digital Sciences, Innovation and Technology Knowledge Centre | Computer Science | 30/06/2017 | 3379.00 | 4 | 005.133R LAM/D | 4835 | 03/12/2020 | 14/01/2020 | 30/06/2017 | Books | ||||
| Dewey Decimal Classification | Non Fiction | Kerala University of Digital Sciences, Innovation and Technology Knowledge Centre | Kerala University of Digital Sciences, Innovation and Technology Knowledge Centre | Computer Science | 30/06/2017 | 3379.00 | 3 | 005.133R LAM/D;1 | 4836 | 03/12/2020 | 04/05/2019 | 30/06/2017 | Books |